000 00291nam a22001337a 4500
008 190205b xxu||||| |||| 00| 0 eng d
020 _a 9780321105431
041 _aeng
080 _a371
100 _a46
101 _aEDU
245 _aThe effective reader
_cHenry,D.J
942 _2udc
_cBK
999 _c54046
_d54046